Java TM2: the complete referance, 5th ed (Record no. 826799)

MARC details
000 -LEADER
fixed length control field 00582nam a2200217Ia 4500
008 - FIXED-LENGTH DATA ELEMENTS--GENERAL INFORMATION
fixed length control field 101110s9999 xx 000 0 und d
041 ## - LANGUAGE CODE
Language code of text/sound track or separate title ENGLISH
082 ## - DEWEY DECIMAL CLASSIFICATION NUMBER
Item number SR34298
100 ## - MAIN ENTRY--PERSONAL NAME
Personal name Schildt Herbert
245 ## - TITLE STATEMENT
Title Java TM2: the complete referance, 5th ed
260 ## - PUBLICATION, DISTRIBUTION, ETC. (IMPRINT)
Date of publication, distribution, etc 2009
Name of publisher, distributor, etc Tata McGraw Hill education, New Delhi
300 ## - PHYSICAL DESCRIPTION
Extent 1154
365 ## - TRADE PRICE
Price amount 495
520 ## - SUMMARY, ETC.
Summary, etc Computer
546 ## - LANGUAGE NOTE
Language note ENGLISH
630 ## - SUBJECT ADDED ENTRY--UNIFORM TITLE
Uniform title Java TM2: the complete referance, 5th ed
650 ## - SUBJECT ADDED ENTRY--TOPICAL TERM
Topical term or geographic name as entry element Computer
655 ## - INDEX TERM--GENRE/FORM
Genre/form data or focus term Computer
730 ## - ADDED ENTRY--UNIFORM TITLE
Uniform title Java TM2: the complete referance, 5th ed
942 ## - ADDED ENTRY ELEMENTS (KOHA)
Koha item type Book
Holdings
Withdrawn status Lost status Damaged status Not for loan Home library Current library Date acquired Source of acquisition Cost, normal purchase price Shelving control number Total Checkouts Barcode Date last seen Price effective from Koha item type
        D. B. J. College, Chiplun D. B. J. College, Chiplun   Shree Ganesh Book Services, Mumbai, Invoice no. 58, dt. 25/6/10 495.00     DBJSR34298 11/11/2010 11/11/2010 Book